| 000 | 00789nam a2200265 a 4500 | ||
|---|---|---|---|
| 001 | 34558 | ||
| 003 | BD-RjUL | ||
| 005 | 20211209052158.0 | ||
| 008 | 140518t19701969nyu b 000 0 eng d | ||
| 020 | _a0273002252 | ||
| 035 | _a(BD-RjUL)34652 | ||
| 040 |
_aLC _beng _cLC _dLC _dBD-RjUL |
||
| 041 | _aeng | ||
| 082 | 0 | 0 |
_a309.173 _bGEW 1970 |
| 100 | 1 |
_aGerzon, Mark. _9105123 |
|
| 245 | 1 | 4 |
_aThe whole world is watching : _ba young man looks at youth's dissent / _cMark Gerzon. |
| 260 |
_aNew York : _bViking Press, _c1969 [1970]. |
||
| 300 |
_axiv, 274 p. ; _c25 cm. |
||
| 504 | _aIncludes bibliographies. | ||
| 650 | 0 |
_aYouth _zUnited States. _9105124 |
|
| 651 | 0 |
_aUnited States _xSocial conditions _y1960-1980. _96749 |
|
| 942 |
_2ddc _cBK |
||
| 999 |
_c34558 _d34558 |
||